Advances in power system control, operation and management
Salvato in:
| Ente Autore: | |
|---|---|
| Natura: | Libro |
| Lingua: | inglese |
| Pubblicazione: |
Hong Kong
The Institution of Electrical Engineers
1993
|
| Soggetti: | |
| Tags: |
Aggiungi Tag
Nessun Tag, puoi essere il primo ad aggiungerne!!
|
MARC
| LEADER | 00000nam a2200000 a 4500 | ||
|---|---|---|---|
| 001 | UCU3314 | ||
| 003 | CL-VaPUC | ||
| 005 | 20250228145813.0 | ||
| 008 | 960510e19930000ch 1 eng d | ||
| 082 | 0 | 4 | |a 621.3 |b THE |2 21 |
| 110 | 2 | |a The Institution of Electrical Engineers |e author |9 617689 | |
| 245 | 1 | 0 | |a Advances in power system control, operation and management |
| 260 | |a Hong Kong |b The Institution of Electrical Engineers |c 1993 | ||
| 300 | |a 2 v | ||
| 583 | |a last modification |c 19960510 00:00:00 |k Rodrigo Vera | ||
| 650 | 0 | 0 | |a Reguladores de voltaje |9 263531 |
| 650 | 0 | 0 | |a Fibras ópticas |9 263145 |
| 650 | 0 | 0 | |a Control automático |9 259890 |
| 650 | 0 | 0 | |a Congresos |9 257560 |
| 650 | 0 | 0 | |a Electromagnetismo |9 260123 |
| 650 | 0 | 0 | |a Subestaciones eléctricas |9 263498 |
| 650 | 0 | 0 | |a Electricidad |9 260222 |
| 650 | 0 | 0 | |a Distribución de energía eléctrica |9 260221 |
| 942 | |c BK | ||
| 945 | |a rbrito |d 19960510 00:00:00 | ||
| 546 | |a En Inglés | ||
| 536 | |a The Institution of Electrical Engineers | ||
| 518 | |p Proceedings advances in power system control, operation and management, II, Hong Kong, 1993 | ||
| 999 | |c 382594 |d 382592 | ||
| 952 | |0 0 |1 0 |4 0 |6 621_300000000000000_THE_1993 |7 0 |8 A |9 504375 |a BIBING |b BIBING |d 2020-01-23 |h v.1 |i 3197662 |o 621.3 THE 1993 |p 3197662 |r 2025-01-20 |w 2020-01-23 |y BK |k EIE | ||
| 952 | |0 0 |1 0 |4 0 |6 621_300000000000000_THE_1993 |7 0 |8 A |9 504376 |a BIBING |b BIBING |d 2020-01-23 |h v.2 |i 3197670 |o 621.3 THE 1993 |p 3197670 |r 2025-01-20 |w 2020-01-23 |y BK |k EIE | ||